[Event "NED-ch U10"]
[Site "Borne"]
[Date "2013.08.05"]
[Round "1"]
[White "Piekar, Jos"]
[Black "Van Harten, Eva"]
[Result "0-1"]
[WhiteElo "416"]
[BlackElo "978"]
[PlyCount "40"]
[EventDate "2013.04.??"]
[EventType "swiss"]
[EventRounds "12"]
[EventCountry "NED"]
[SourceTitle "EXT 2015"]
[Source "ChessBase"]
[SourceDate "2014.11.20"]
[SourceVersion "1"]
[SourceVersionDate "2014.11.20"]
[SourceQuality "1"]

1. e4 c6 2. Nf3 d5 3. Nc3 Bg4 4. Bd3 e5 5. Nxe5 Bxd1 6. 0-0 dxe4 7. Bxe4 Bd6 8. Nc4 Bg4 9. h3 Be6 10. Na3 Nf6 11. Bd3 0-0 12. Na4 Qa5 13. b3 Bxa3 14. Bxa3 Rd8 15. Be7 Rd5 16. Bxf6 gxf6 17. Nc3 Rg5 18. a3 Rg7 19. b4 Qg5 20. Ne4 Qxg2# 0-1